000
00468nam a2200145Ia 4500
008
100122s9999 xx 000 0 und d
082
_b
69457
_a
181.4
100
_a
कुंटे माधवी
245
_a
ओशो विचारदर्पण
260
_b
मनोविकास प्रकाशन
_c
2006
300
_a
231
630
_a
ओशो विचारदर्पण
730
_a
ओशो विचारदर्पण
942
_c
BOOK
999
_c
440756
_d
440753